Refuse-derived fuel (RDF) and densified refuse-derived fuel (d-RDF) /

Bibliographic Details
Main Author: Renard, Marc L.
Corporate Author: National Center for Resource Recovery
Format: Book
Language:English
Published: Washington : National Center for Resource Recovery, [1978]
Subjects:

MARC

Tag First Indicator Second Indicator Subfields
LEADER 00000cam a2200000 i 4500
001 in00000067907
005 20151008050828.0
008 790521s1978 dcua b 00010 eng
010 |a  79107401  
035 |a (OCoLC)05100306 
035 |9 AAG3662AM 
040 |a DLC  |c DLC  |d TXA  |d UtOrBLW 
049 |a TXAM  |c [1191729] 
050 0 0 |a TP360  |b .R44 
082 0 |a 662/.8 
100 1 |a Renard, Marc L. 
245 1 0 |a Refuse-derived fuel (RDF) and densified refuse-derived fuel (d-RDF) /  |c by Marc L. Renard. 
264 1 |a Washington :  |b National Center for Resource Recovery,  |c [1978] 
264 4 |c ©1978 
300 |a iv, 67 pages :  |b diagrams ;  |c 28 cm. 
336 |a text  |b txt  |2 rdacontent 
337 |a unmediated  |b n  |2 rdamedia 
338 |a volume  |b nc  |2 rdacarrier 
500 |a "RM77-2." 
504 |a Bibliography: page 67. 
650 0 |a Refuse as fuel. 
710 2 |a National Center for Resource Recovery. 
999 |a MARS 
999 f f |s 0082becc-3edc-3cb0-8182-188cb873d85d  |i 67e12157-5698-30ea-bfc5-6d9d800c0b35  |t 0 
952 f f |p ric  |a Texas A&M University  |b Rellis Campus  |c Joint Library Facility  |d Remote Storage  |t 0  |e TP360 .R44  |h Library of Congress classification  |i unmediated -- volume  |m A14805606921 
998 f f |a TP360 .R44  |t 0  |l Remote Storage